000 00568nam a2200181Ia 4500
003 GCL
008 140319s9999 xx 000 0 ara d
040 _aGCL /
_cGCL
082 0 4 _a891.7
_bم ر
100 1 _aمكارم الغمرى
245 1 0 _aالرواية الروسية فى القرن التاسع عشر (عالم المعرفة 40) /
_cمكارم الغمرى
300 _a302 ص
490 _aعالم المعرفة
_v0
650 0 4 _aالادب
650 0 4 _aالادب الروسى
650 0 4 _aالقصة الروسية - نقد
942 _2ddc
_cBK
999 _c51506
_d51506